MDQL
is popping MORE tags! Check the
thread
!
Quizzes
Events
Quiz Creation
Community
Videos
Private Events
Remove Ads
Sign In
Join for FREE
Feedback
Dark Mode
Quiz Categories
Sports
Geography
Music
Movies
Television
Just For Fun
Miscellaneous
History
Literature
Language
Science
Gaming
Entertainment
Religion
Holiday
For Kids
Quiz Lab
Recent
Popular Today
Quiz Kudos Today
Editor Picks
Curator Picks
Quizzes by...
Day
Popularity
Type
Ratings
Length
Year
Community
Subscriptions
Recent Discussions
Orange Saloon
Badges
Playlists
Quests
Create
Leaderboards
Showdown
Live 5
Trivia Bingo
Activity
Puzzle Library
Sporcle Events
Private Events
Virtual Trivia
Globe League
Become a Host
Pub Owners
SporcleCon
Opinionation
Our Games
Videos
Blog
Mobile Apps
Partnerships
Remove Ads and Go Orange
Feedback
Just For Fun
Clickable
Get the Picture
Humor
Quick Pick
Word Ladder
Missing Word
Mixed Word
Blitz
Minefield
This or That
Alphabet
Color
Typing
Sporcle
Puzzle
Word Play
Follow That Line
Logic
Just For Fun
Clickable
Get the Picture
Humor
Quick Pick
Word Ladder
Missing Word
Mixed Word
Blitz
Minefield
This or That
Alphabet
Color
Typing
Sporcle
Puzzle
Word Play
Follow That Line
Logic
Random Quiz
Search Sporcle
×
Quiz Lab
Quiz Lab
Just For Fun
description
Type in answers that appear in a list
Type in answers that appear in a list
Classic
Best Score? Go Orange.
Guess 10 instagram most followed Stats
Can you name the Guess 10 instagram most followed?
By
ArminKasaev1
5m
10 Questions
38 Plays
38 Plays
38 Plays
Comments
Comments
Give Quiz Kudos
Give Quiz Kudos
-
- Ratings
hide this ad
Replay
Link that replays current quiz
Next Quiz
Link to next quiz in quiz playlist
You Got
0%
They Got
Avg Score
58%
Avg Friend Score
Upgrade to see
Score Distribution
Jump to the score distribution portion of the page
Score
0/10
Timer
05:00
0
Plays Today
Description
Guess
% Correct
126 Million Followers
Selena Gomez
76.3%
91,7 Million Followers
Justin Bieber
68.4%
106 Million Followers
Beyonce
65.8%
103 Million Followers
Kim Kardashian
65.8%
113 Million Followers
Ariana Grande
60.5%
103 Million Followers
Taylor Swift
60.5%
111 Million Followers
Cristiano Ronaldo
50%
97,4 Million Followers
Kylie Jenner
50%
83,2 Million Followers
Kendall Jenner
47.4%
93,5 Million Followers
The Rock
36.8%
Quiz Playlist
Details
Report
Send in Message
Add To Playlist
Classic:
Type in answers that appear in a list
Last Updated: Sep 12, 2017
Quiz Scoreboard
CHALLENGE
Sign Up to Join the Scoreboard
Show All
Scores
Hide
Comments
May contain spoilers
Recently Published
Colored Red Africa Blitz
by spor1
Geography
30s
Find the 'City' Movie
by crazypaving
Movies
60s
5x2 Blitz: Bands
by SL_Kpop136
Music
30s
More to Explore
Quiz From the Vault
Featured Blog Post
14 Easter Pick-up Lines to Find Eggs With
hide this ad
You Might Also Like...
Tags
description
Followed
instagram
Today's Top Quizzes in Just For Fun
Browse Just For Fun
hide this ad
Today's Top Quizzes in description
Browse description
Top Contributed Quizzes in Just For Fun
1
Name Just One - 10 to 1: Just For Fun
2
Missing Word: 2-Letter A-Z II
3
Survivor Winners Logic Puzzle
4
Avatar the Last Airbender: Logic Puzzle
5
Quick 5-Color Logic (18)
6
Shadowhunters Protagonists Logic Quiz
7
Medium Renzoku Puzzle 11
8
Killer Double Trees 224 - Colour Match-Up
9
Missing Word: 'Of' Things A-Z
10
Ultimate Minefield Blitz VIII
Explore More
Trending Topics
Harry Potter
Marvel
NBA
Kpop
Disney
Anime
Crossword
Pokémon
The Office
NFL
WWE
Song
Puzzle
Country
Soccer
hide this ad
More By:
ArminKasaev1
Quiz
Plays
Rating
Category
Featured
Created
Guess the Overwatch Characters (Updated)
198
Gaming
Sep 12, 2017
Guess 10 instagram most followed
38
Just For Fun
Sep 12, 2017
Guess the Youtuber most recent (Top 20)
25
Just For Fun
Sep 13, 2017
Guess top 10 most twitter followed accounts
12
Miscellaneous
Sep 12, 2017
Go to Creator's Profile
Score Distribution
Quiz Creator Spotlight
ArminKasaev1
Follow
Send a Message
Quizzes Created
-
Created Quiz Play Count
-
More By This Creator
Popular Quizzes Today
1
Colored Red Africa Blitz
2
Find the 'City' Movie
3
Find the US States - No Outlines Minefield
4
5x2 Blitz: Bands
5
The Countries of the World
6
Find the US States
7
US States
8
9x9 Crossword: Cartoon Network
More Just For Fun Quizzes
Pick Which Color?
Published
Trending Quizzes
Colored Red Europe Blitz I
Colored Red Europe Blitz II
Colored Red Africa Blitz II
Colored Red Africa Blitz III
Colored Red Europe Blitz III
Recently Updated
Godzilla Movies
pecheneg
Grab Bag: 4-10 Letters
pecheneg
2024 March Madness Bracket
pecheneg
Famous TV Couples
Peacemaker
Champions League XIs: Real Madrid
pecheneg
Largest US Cities 1790-2010
pecheneg
Rides in Walt Disney World
pecheneg
Most Oscar Losses (Acting)
pecheneg
Beyoncé Albums
pecheneg
Leaping Animals
pecheneg
Trending Topics
Disney
Kpop
Crossword
NBA
Harry Potter
Marvel
Anime
Song
Country
Pokémon
Puzzle
NFL
WWE
The Office
Soccer
Your Account Isn't Verified!
In order to create a playlist on Sporcle, you need to verify the email address you used during registration. Go to your
Sporcle Settings
to finish the process.
Report this User
Report this user for behavior that violates our
Community Guidelines
.
Details:
Send Report
Go to the Sporcle.com Mobile Site →
Comments